| 000 | 00767cab a2200229 4500 | ||
|---|---|---|---|
| 001 | ABS55657 | ||
| 008 | 090401t1996 xxu||||| |||| 00| 0 eng d | ||
| 035 | _a(Sirsi) u17826 | ||
| 041 | _aeng | ||
| 245 | _aWindows and doors | ||
| 260 | _c1996 | ||
| 350 | _a0 | ||
| 490 |
_aBuilding _v261(7954) 16 August 1996, 40-56(8) |
||
| 520 | _aCompares the UK BS 874 Part 3 with equivalent German DIN 52619 on U-values for thermal efficiency, the development of solar control First-Rol roller blinds and sculptured metal windows. Product file. | ||
| 650 | _aENERGY EFFICIENCY | ||
| 650 | _aREMOTE CONTROL ROLLER BLINDS | ||
| 650 | _aTHERMAL EFFICIENCY | ||
| 650 | _aU VALUES | ||
| 690 | _aBUILT ENVIRONMENT-BUILDING MATERIALS | ||
| 942 | _n0 | ||
| 948 | _c04/03/1997 | ||
| 999 |
_c11824 _d11824 |
||